000 01418cam a2200325 4500
008 040406n2004 000 0 eng u
020 _a0717628205
035 _a(Sirsi) u125755
041 _aeng
050 _a690.22
_c18
100 _aAnumba, Chimay J.
245 _aHealth and safety in refurbishment involving demolition and structural instability
260 _aLondon
_bHSE
_c2004
490 _aHSE Research Report
_vRR204
520 _aThis report identifies the main factors associated with health and safety issues on refurbishment sites and investigates the strategies adopted during refurbishment works involving demolition activities. A comparison between the practices in the UK and Italy was undertaken and a checklist for proactive management of health and safety on refurbishment projects was prepared. View at www.hse.gov.uk.
650 _aITALY
650 _aDEMOLITION
650 _aHEALTH AND SAFETY
_96244
650 _aREFURBISHMENT PROJECTS
650 _aCONSTRUCTION SITES
690 _aBUILT ENVIRONMENT-BUILDING STANDARDS
700 _aMarino, Barbara
700 _aGottfried, Arie
700 _aEgbu, Charles
710 _aLoughborough University
_93508
710 _aMilan Polytechnic
_94630
710 _aGreat Britain
_bHealth and Safety Executive
856 _uhttps://www.hse.gov.uk/research/rrhtm/rr204.htm
_zView the report on the HSE website...
942 _n0
999 _c103464
_d103464